MARC details
| 000 -CABECERA |
| campo de control de longitud fija |
02900nam a2200325 i 4500 |
| 001 - NÚMERO DE CONTROL |
| campo de control |
991107400052206196 |
| 005 - FECHA Y HORA DE LA ÚLTIMA TRANSACCIÓN |
| campo de control |
20250331094637.0 |
| 006 - CÓDIGOS DE INFORMACIÓN DE LONGITUD FIJA--CARACTERÍSTICAS DEL MATERIAL ADICIONAL |
| campo de control de longitud fija |
m o d | |
| 007 - CAMPO FIJO DE DESCRIPCIÓN FÍSICA--INFORMACIÓN GENERAL |
| campo de control de longitud fija |
cr#cnu|||||||| |
| 008 - DATOS DE LONGITUD FIJA--INFORMACIÓN GENERAL |
| campo de control de longitud fija |
240825t20242024enka ob 001 0 eng d |
| 020 ## - NÚMERO INTERNACIONAL ESTÁNDAR DEL LIBRO |
| Número Internacional Estándar del Libro |
9781529240184 |
| 035 ## - NÚMERO DE CONTROL DEL SISTEMA |
| Número de control de sistema |
(MiAaPQ)EBC31339491 |
| 035 ## - NÚMERO DE CONTROL DEL SISTEMA |
| Número de control de sistema |
(Au-PeEL)EBL31339491 |
| 035 ## - NÚMERO DE CONTROL DEL SISTEMA |
| Número de control de sistema |
(CKB)34092313900041 |
| 035 ## - NÚMERO DE CONTROL DEL SISTEMA |
| Número de control de sistema |
(EXLCZ)9934092313900041 |
| 040 ## - FUENTE DE LA CATALOGACIÓN |
| Centro catalogador/agencia de origen |
MiAaPQ |
| Lengua de catalogación |
eng |
| Normas de descripción |
rda |
| -- |
pn |
| Centro/agencia transcriptor |
MiAaPQ |
| Centro/agencia modificador |
MiAaPQ |
| 050 #4 - SIGNATURA TOPOGRÁFICA DE LA BIBLIOTECA DEL CONGRESO |
| Número de clasificación |
HD31 |
| Número de documento/Ítem |
.S283 2024 |
| 100 ## - ENTRADA PRINCIPAL--NOMBRE DE PERSONA |
| Nombre de persona |
Savage, Paul, |
| Fechas asociadas al nombre |
1925-1987, |
| Término indicativo de función/relación |
author. |
| 245 10 - MENCIÓN DE TÍTULO |
| Título |
Moomin Management |
| Resto del título |
: Redefining Generosity |
| Mención de responsabilidad, etc. |
/ Paul Savage and Janne Tienari. |
| 250 ## - MENCIÓN DE EDICIÓN |
| Mención de edición |
First edition. |
| 264 #1 - PRODUCCIÓN, PUBLICACIÓN, DISTRIBUCIÓN, FABRICACIÓN Y COPYRIGHT |
| Producción, publicación, distribución, fabricación y copyright |
Bristol, England : |
| Nombre del de productor, editor, distribuidor, fabricante |
Bristol University Press, |
| Fecha de producción, publicación, distribución, fabricación o copyright |
2024. |
| 264 #4 - PRODUCCIÓN, PUBLICACIÓN, DISTRIBUCIÓN, FABRICACIÓN Y COPYRIGHT |
| Fecha de producción, publicación, distribución, fabricación o copyright |
2024 |
| 300 ## - DESCRIPCIÓN FÍSICA |
| Extensión |
161 pages |
| 504 ## - NOTA DE BIBLIOGRAFÍA, ETC. |
| Nota de bibliografía, etc. |
Includes bibliographical references and index. |
| 505 0# - NOTA DE CONTENIDO CON FORMATO |
| Nota de contenido con formato |
The Moomin Way —<br/>Birth (And Life) of Ideas —<br/>The ebb and flow of inspiration —<br/>Characters and stories that stand the test of time —<br/>Balancing between art and business —<br/><br/>Branding: Larger than Life —<br/>A brand that is universally local —<br/>Protecting the brand while letting it blossom —<br/>Branding generously —<br/><br/>Partnerships: Crossroads of Passions —<br/>An ecosystem built on passion —<br/>Sharing the passion in strategic partnerships —<br/>Partnering generously —<br/><br/>Strategy: What's the Purpose? —<br/>Values as bridges from the past to the future —<br/>Doing strategy with love, equality, and courage —<br/>Sharpening the approach to sustainability —<br/>Strategizing generously —<br/><br/>Technologies: Into Virtual Worlds —<br/>Expanding into the unknown —<br/>People, technologies, and magic —<br/>Digitalizing generously —<br/><br/>People: It Is Alright to Be Broken —<br/>Members of the resilient organization unite! —<br/>All the brave people and their humour —<br/>Managing people generously —<br/><br/>Let's Party! —<br/>References —<br/>Media materials on Moomin —<br/>Index. |
| 520 ## - SUMARIO, ETC. |
| Sumario, etc. |
Moomins, beloved troll creatures of Moominvalley, have captivated hearts worldwide since the 1940s.<br/><br/>This book unveils the Moomin business management journey, from Tove Jansson's creations to a global art-based brand and a growing ecosystem of companies. Emphasising generosity as a key management principle, it champions caring for people as vital for a thriving organisation.<br/><br/>Generosity, rooted in love, courage and belief in equality, shapes the Moomin ethos, underpinning not just the brand, but also strategic partnerships, engagement with technologies and the virtual world.<br/><br/>Offering rare insights from the Moomin inner circle, this management guide advocates sustainable practices. It unveils the keys to a business devoted to comforting people and fostering good, inspiring a blueprint for lasting success. |
| 650 #0 - PUNTO DE ACCESO ADICIONAL DE MATERIA--TÉRMINO DE MATERIA |
| Término de materia o nombre geográfico como elemento de entrada |
Industrial management |
| 9 (RLIN) |
20469 |
| 700 ## - ENTRADA AGREGADA--NOMBRE PERSONAL |
| Nombre de persona |
Tienari, Janne, |
| Término indicativo de función/relación |
author. |
| 9 (RLIN) |
24894 |
| 942 ## - ELEMENTOS DE ENTRADA AGREGADA (KOHA) |
| Fuente del sistema de clasificación o colocación |
Clasificación de Library of Congress |